00632cam a22002173a 45000010005000000030006000050050017000110080041000280400015000690420007000840500007000911000033000982450063001312600029001945050054002235060030002775160020003076530018003278300028003458560041003732920PGUSA20140828083023.0040926s2004||||xxu|||||s|||||000 | eng d aPGUSAbeng adc 4aPR1 aGalsworthy, John,d1867-193310aFour Short Playsh[electronic resource] /cJohn Galsworthy bProject Gutenberg,c20040 aHall-Marked -- Defeat -- The Sun -- Punch And Go. aPublic domain in the USA. aElectronic text aEnglish drama 0aProject Gutenbergv292040uhttp://www.gutenberg.org/ebooks/2920